[Event "BCF-chT2 2223 (4NCL)"]
[Site "England"]
[Date "2023.02.11"]
[Round "5.21"]
[White "Cherniaev, Alexander"]
[Black "Chan, Kim Yew"]
[Result "1/2-1/2"]
[WhiteElo "2509"]
[BlackElo "2390"]
[PlyCount "83"]
[EventDate "2022.10.22"]
[EventType "team-tourn"]
[EventRounds "11"]
[EventCountry "ENG"]
[SourceTitle "EXT 2024"]
[Source "ChessBase"]
[SourceDate "2023.10.10"]
[SourceVersion "1"]
[SourceVersionDate "2023.10.10"]
[SourceQuality "1"]
[WhiteTeam "Barnet Knights"]
[BlackTeam "Schach Attack"]
[WhiteTeamCountry "ENG"]
[BlackTeamCountry "ENG"]

1. c4 c5 2. g3 g6 3. Bg2 Bg7 4. Nc3 Nc6 5. d3 Nf6 6. Qd2 0-0 7. b3 d6 8. Bb2 Bd7 9. h4 a6 10. Nh3 Rb8 11. Nf4 h5 12. Nh3 b5 13. Ng5 Ne5 14. 0-0 Qb6 15. Nd5 Nxd5 16. cxd5 b4 17. d4 c4 18. dxe5 c3 19. Bxc3 bxc3 20. Qc2 Bxe5 21. Kh2 Qb4 22. Bh3 Bxh3 23. Kxh3 a5 24. f4 Bf6 25. e4 a4 26. Rab1 axb3 27. axb3 Ra8 28. f5 Be5 29. Rf3 Qa3 30. Rf2 Qc5 31. Rbf1 Qe3 32. Rf3 Qd2 33. Qxd2 cxd2 34. Rd1 Ra2 35. Rd3 Rc8 36. fxg6 fxg6 37. Nf3 Bf6 38. R1xd2 Ra1 39. g4 hxg4+ 40. Kxg4 Rb1 41. Rg2 Rb8 42. Kf4 1/2-1/2

[Event "London Mindsports GM"]
[Site "London"]
[Date "2022.09.10"]
[Round "4"]
[White "Czopor, Maciej"]
[Black "Cherniaev, Alexander"]
[Result "1/2-1/2"]
[WhiteElo "2415"]
[BlackElo "2395"]
[PlyCount "83"]
[EventDate "2022.09.09"]
[EventType "tourn"]
[EventRounds "9"]
[EventCountry "ENG"]
[EventCategory "7"]
[SourceTitle "CBM 210 Extra"]
[Source "ChessBase"]
[SourceDate "2022.11.30"]
[SourceVersion "1"]
[SourceVersionDate "2022.11.30"]
[SourceQuality "1"]

1. e4 c6 2. Nc3 d5 3. Nf3 g6 4. d4 Bg7 5. h3 Nh6 6. Bd3 f6 7. 0-0 0-0 8. Re1 Nf7 9. e5 fxe5 10. dxe5 e6 11. Bf4 c5 12. Qd2 Nc6 13. Bg3 a6 14. Bf1 b5 15. a3 Bb7 16. Na2 Qb6 17. h4 Bh6 18. Qd1 Ne7 19. Bh2 d4 20. Nd2 Bxd2 21. Qxd2 Nf5 22. h5 Qc6 23. Qe2 g5 24. Qg4 Kh8 25. Bd3 Rg8 26. Be4 Qb6 27. Rad1 N7h6 28. Qe2 Raf8 29. Nc1 Ne3 30. fxe3 Bxe4 31. exd4 Bd5 32. dxc5 Qxc5+ 33. Qe3 Qc6 34. Rd2 Nf5 35. Qc3 Qb6+ 36. Kh1 Rc8 37. Qd3 Rc4 38. Rf1 Rd4 39. Qc3 Rc4 40. Qd3 Rd4 41. Qc3 Rc4 42. Qd3 1/2-1/2

[Event "BCF-chT 2122 (4NCL)"]
[Site "England"]
[Date "2022.06.25"]
[Round "10.81"]
[White "Cherniaev, Alexander"]
[Black "Walker, Martin Graham"]
[Result "1-0"]
[WhiteElo "2397"]
[BlackElo "2222"]
[PlyCount "89"]
[EventDate "2021.11.27"]
[EventType "team-swiss"]
[EventRounds "11"]
[EventCountry "ENG"]
[SourceTitle "EXT 2023"]
[Source "ChessBase"]
[SourceDate "2022.10.05"]
[SourceVersion "1"]
[SourceVersionDate "2022.10.05"]
[SourceQuality "1"]
[WhiteTeam "Barnet Knights"]
[BlackTeam "Anglian Avengers"]
[WhiteTeamCountry "ENG"]
[BlackTeamCountry "ENG"]

1. e4 e5 2. Nc3 Nf6 3. f4 d5 4. fxe5 Nxe4 5. Qf3 Nxc3 6. dxc3 Qh4+ 7. g3 Qe4+ 8. Qxe4 dxe4 9. Bf4 Bf5 10. Ne2 Nc6 11. Nd4 Nxd4 12. cxd4 0-0-0 13. c3 f6 14. exf6 gxf6 15. Bg2 Bg7 16. 0-0 Bg6 17. Bh3+ Kb8 18. Be3 Rhe8 19. Rf2 Re7 20. Bf5 b6 21. Raf1 Kb7 22. g4 Rg8 23. Kh1 Bh8 24. Rg2 Bxf5 25. Rxf5 Rg6 26. Rh5 Rg8 27. Kg1 Reg7 28. h3 Rd7 29. Kf2 c6 30. Ke2 Rg6 31. Rf2 Kc7 32. Rff5 Kd8 33. Bf4 Kc8 34. Ke3 Re7 35. Bg3 Bg7 36. Bf4 Bh8 37. Bd6 Rd7 38. Ba3 Rg8 39. Rf4 Kb7 40. Rxe4 Kc8 41. Re6 Kb7 42. Bd6 Rgg7 43. Ke4 Ka6 44. c4 Rg8 45. b3 1-0

[Event "Cheliabinsk Variation-A"]
[Site "Cheliabinsk"]
[Date "2022.04.06"]
[Round "6"]
[White "Strybuk, Artsiom I"]
[Black "Cherniaev, Alexander"]
[Result "1-0"]
[WhiteElo "2263"]
[BlackElo "2397"]
[PlyCount "75"]
[EventDate "2022.04.01"]
[EventType "swiss"]
[EventRounds "9"]
[EventCountry "RUS"]
[SourceTitle "CBM 207 Extra"]
[Source "ChessBase"]
[SourceDate "2022.05.31"]
[SourceVersion "1"]
[SourceVersionDate "2022.05.31"]
[SourceQuality "1"]

1. d4 d5 2. c4 e6 3. Nf3 Ne7 4. Nc3 g6 5. h4 h6 6. Bf4 Bg7 7. cxd5 exd5 8. Nb5 Na6 9. Rc1 c6 10. Nd6+ Kf8 11. Qd2 Nc7 12. e3 Ne8 13. Nxc8 Nxc8 14. Bd3 Ncd6 15. Ne5 Kg8 16. h5 g5 17. Bh2 Nf6 18. g4 Bf8 19. f3 a5 20. 0-0 Be7 21. Bb1 Kg7 22. Qc2 a4 23. Kh1 Rg8 24. Rf2 Kh8 25. e4 Rg7 26. exd5 Nxd5 27. Re1 Bf8 28. Rfe2 Kg8 29. a3 Nb5 30. Qd3 Qb6 31. Nd7 Qd8 32. Re8 Qxe8 33. Rxe8 Rxe8 34. Be5 Bd6 35. Kg1 Bxe5 36. dxe5 Re6 37. Nf6+ Kh8 38. Nxd5 1-0

[Event "Cheliabinsk Variation-A"]
[Site "Cheliabinsk"]
[Date "2022.04.05"]
[Round "5"]
[White "Cherniaev, Alexander"]
[Black "Goganov, Aleksey"]
[Result "0-1"]
[WhiteElo "2397"]
[BlackElo "2563"]
[PlyCount "76"]
[EventDate "2022.04.01"]
[EventType "swiss"]
[EventRounds "9"]
[EventCountry "RUS"]
[SourceTitle "CBM 207 Extra"]
[Source "ChessBase"]
[SourceDate "2022.05.31"]
[SourceVersion "1"]
[SourceVersionDate "2022.05.31"]
[SourceQuality "1"]

1. e4 c5 2. Nc3 d6 3. Bb5+ Bd7 4. Bxd7+ Qxd7 5. d4 cxd4 6. Qxd4 Nc6 7. Qd3 g6 8. Nf3 Bg7 9. 0-0 Nf6 10. Nd5 0-0 11. Bg5 Nh5 12. Rad1 Bxb2 13. e5 Nxe5 14. Nxe7+ Kh8 15. Nxe5 Bxe5 16. f4 Bg7 17. Qxd6 Qxd6 18. Rxd6 f6 19. Bh4 f5 20. Rd7 b5 21. g3 Bf6 22. Bg5 a5 23. Rfd1 Ra6 24. Rb7 Re6 25. Rdd7 Bxg5 26. fxg5 f4 27. Nd5 Re1+ 28. Kg2 f3+ 29. Kf2 Re2+ 30. Kf1 Rxh2 31. Rxh7+ Kg8 32. Rxh5 gxh5 33. Nf6+ Rxf6 34. gxf6 Rxc2 35. Rxb5 Rxa2 36. Rxh5 a4 37. Rf5 Ra1+ 38. Kf2 a3 0-1

[Event "Cheliabinsk Variation-A"]
[Site "Cheliabinsk"]
[Date "2022.04.03"]
[Round "3"]
[White "Kurmangaliyeva, Liya"]
[Black "Cherniaev, Alexander"]
[Result "1/2-1/2"]
[WhiteElo "2156"]
[BlackElo "2397"]
[PlyCount "56"]
[EventDate "2022.04.01"]
[EventType "swiss"]
[EventRounds "9"]
[EventCountry "RUS"]
[SourceTitle "CBM 207 Extra"]
[Source "ChessBase"]
[SourceDate "2022.05.31"]
[SourceVersion "1"]
[SourceVersionDate "2022.05.31"]
[SourceQuality "1"]

1. d4 Nf6 2. c4 e6 3. Nf3 b6 4. a3 Bb7 5. Nc3 g6 6. Qc2 c5 7. dxc5 bxc5 8. Bf4 Bxf3 9. exf3 Nc6 10. Bd3 Nh5 11. Be3 f5 12. g4 Ng7 13. gxf5 Nxf5 14. 0-0-0 Ncd4 15. Qa4 Bg7 16. Bxf5 Nxf5 17. Ne4 Nxe3 18. fxe3 0-0 19. Rxd7 Qh4 20. Qc6 Rab8 21. Rd2 Rxf3 22. Qxe6+ Kh8 23. Nd6 Rbf8 24. Kb1 Qh3 25. Qxh3 Rxh3 26. Re2 Be5 27. Ne4 Rh4 28. Nd2 g5 1/2-1/2

[Event "Cheliabinsk Variation-A"]
[Site "Cheliabinsk"]
[Date "2022.04.01"]
[Round "1"]
[White "Afanasiev, Nikita"]
[Black "Cherniaev, Alexander"]
[Result "1-0"]
[WhiteElo "2561"]
[BlackElo "2397"]
[PlyCount "75"]
[EventDate "2022.04.01"]
[EventType "swiss"]
[EventRounds "9"]
[EventCountry "RUS"]
[SourceTitle "CBM 207 Extra"]
[Source "ChessBase"]
[SourceDate "2022.05.31"]
[SourceVersion "1"]
[SourceVersionDate "2022.05.31"]
[SourceQuality "1"]

1. d4 g6 2. c4 Bg7 3. Nf3 f5 4. Nc3 Nf6 5. g3 0-0 6. Bg2 d6 7. 0-0 Na6 8. e4 Nxe4 9. Nxe4 fxe4 10. Ng5 c6 11. Nxe4 Bf5 12. Be3 Qd7 13. Qb3 Nc7 14. Rac1 Rab8 15. d5 c5 16. a4 b6 17. Bd2 a6 18. Bc3 Bh6 19. Ra1 b5 20. axb5 axb5 21. Ra7 bxc4 22. Qxc4 Qb5 23. Nxd6 Qxc4 24. Nxc4 Nb5 25. d6 e6 26. Rfa1 Nxc3 27. bxc3 Bg7 28. Rc1 Bd3 29. Na5 Rb2 30. f4 g5 31. d7 gxf4 32. Rd1 fxg3 33. hxg3 Rxg2+ 34. Kxg2 Be4+ 35. Kg1 Rd8 36. Re1 Bd5 37. c4 Bd4+ 38. Kh2 1-0